00351nam a22001337a 450000500170000000800410001704100130005808200140007110000130008524500600009826000090015830000250016765000250019220231121133042.0231121b |||||||| |||| 00| 0 eng d aEnglish  a342.8 AFR lEnglish  aAfrican Charter on the Rights and Welfare of the Child  c2011 b20 pages ; c22 cm.  aLegal practice bLaw